000 00730nam a22002177a 4500
003 0
005 20250909150002.0
008 250909b xxu||||| |||| 00| 0 eng d
020 _a978-1-266-81301-6
050 _aHF 5351
_b.N53 2024
100 _aNickels, William G.,
_eauthor.
245 _aUnderstanding business /
_cWilliam G. Nickels, James M. McHugh, and Susan M. McHugh.
260 _aNew York, NY :
_bMcGraw Hill LLC,
_c2024.
300 _axxxii, 700 pages :
_bcolored illustrations ;
_c28 cm.
504 _aIncludes bibliographical references and index.
650 _aBusiness.
650 _aIndustrial management.
700 _aMcHugh, James M.,
_eauthor.
700 _aMcHugh, Susan M.,
_eauthor.
942 _2lcc
_cBK
999 _c367843
_d367843